000
00288nam a22001337a 4500
008
180907b xxu||||| |||| 00| 0 eng d
020
_a
072163524
041
_a
eng
080
_a
612
100
_a
3
101
_a
SHM
245
_a
Equine Internal Medicine
_c
Reed.s.
942
_2
udc
_c
BK
999
_c
47599
_d
47599